Hệ thống cung cấp điện của xí nghiệp công nghiệp, đô thị và nhà cao tầng

Cuốn sách gồm 3 phần đề cập: Nguyên lý cơ bản của hệ thống cung cấp điện; Hệ thống cung cấp điện trong các lĩnh vực kinh tế Quốc dân.

保存先:
書誌詳細
第一著者: Nguyễn, Công Hiền
フォーマット: 図書
言語:Undetermined
出版事項: Hà Nội Khoa học và Kỹ thuật 2007
主題:
タグ: タグ追加
タグなし, このレコードへの初めてのタグを付けませんか!
Thư viện lưu trữ: Trung tâm Học liệu Trường Đại học Cần Thơ
LEADER 00984nam a2200205Ia 4500
001 CTU_142066
008 210402s9999 xx 000 0 und d
020 |c 74000 
082 |a 621.3192 
082 |b H305 
100 |a Nguyễn, Công Hiền 
245 0 |a Hệ thống cung cấp điện của xí nghiệp công nghiệp, đô thị và nhà cao tầng 
245 0 |c Nguyễn Công Hiền, Nguyễn Mạnh Hoạch 
260 |a Hà Nội 
260 |b Khoa học và Kỹ thuật 
260 |c 2007 
520 |a Cuốn sách gồm 3 phần đề cập: Nguyên lý cơ bản của hệ thống cung cấp điện; Hệ thống cung cấp điện trong các lĩnh vực kinh tế Quốc dân. 
650 |a Electric power supply,Electric circuit analysis,Electric engineering,Kỹ thuật điện,Nguồn điện 
904 |i Giang 
980 |a Trung tâm Học liệu Trường Đại học Cần Thơ